000 00821nam a2200205Ia 4500
003 GCL
008 140319s9999 xx 000 0 ara d
020 _a9671208977
040 _aGCL /
_cGCL
082 0 4 _aق
_b330.962
_bع ك
100 1 _aعبدالمجيد محمد راشد
245 1 0 _aالكارثة والوهم :
_bمستقبل سياسة الإصلاح الاقتصادى بمصر فى ظل نظام العولمة /
_cعبدالمجيد محمد راشد
260 _aالقاهرة :
_bمكتبة مدبولى ،
_c2007
300 _a393 ص ؛
_c24 سم
650 0 4 _aمصر - الاحوال الاقتصادية
650 0 4 _aمصر - التنمية الاقتصادية
650 0 4 _aالعولمة الاقتصادية
650 0 4 _aالتنمية الاقتصادية - بحوث
942 _2ddc
_cBK
999 _c9483
_d9483